000 00773nam a22002417a 4500
003 UA-OsUOA
001 107307
007 ta
008 20140723b un ||||| |||| 00| 0 ukr d
100 _aПаліюк В. П.
090 _a341.231.14(075.8)
_bП14
942 _cBK
040 _aUA-OsUOA
_bukr
_cUA-OsUOA
_dUA-OsUOA
245 _aМіжнародні судові установи і захист прав людини та основних свобод
_bнавчально-практичний посібник
300 _a178 с.
955 _a2
041 _aukr
080 _a341.231.14(075.8)
591 _aСамолюк В. В.
260 _aМиколаїв
_bАтол
_c2006
650 7 _a341 Міжнародне право
_2UDC
999 _c393265
_d393265